000 00447nam a2200145Ia 4500
003 OSt
005 20260119160759.0
008 211028s2013 xx 000 0 und d
040 _cAIMIT LIBRARY
041 _aeng
100 _aJayasheel, Yashalaxmi; Dias, Beena.
_g1116179
_97117
245 _aIdentifying strategies for marketing different kinds of sand dealt by Leena enterprises /
260 _aMangalore
_bBeena Dias
_c2013
942 _2ddc
_cPRO
999 _c218687
_d218687